Young learner's first dictionary
| Main Author: | |
|---|---|
| Format: | Book |
| Published: |
London :
Zigzag Children's Books ,
2002
|
| Series: | Internet linked
|
| Subjects: |
MARC
| LEADER | 00000cam a2200000 7i4500 | ||
|---|---|---|---|
| 001 | 0000098359 | ||
| 005 | 20061003.0 | ||
| 020 | |a 1903954193 | ||
| 090 | 0 | 0 | |a 030 |b ONE |
| 100 | 1 | |a O'Neill, Rachael | |
| 245 | 0 | 0 | |a Young learner's first dictionary |c Rachael O'Neill |
| 260 | |a London : |b Zigzag Children's Books , |c 2002 | ||
| 300 | |a 40p. ; |c 28cm. | ||
| 490 | 0 | |a Internet linked | |
| 650 | 0 | 0 | |a English language |x Dictionaries, Juvenile |
| 999 | |a 00188889 |b BUKU |c JUNIOR BOOKS |e PERPUSTAKAAN KOMUNITI PETALING JAYA | ||